Countries Bordering Multiple Small Countries - Statistics

General Stats
  • This quiz has been taken 56 times
  • The average score is 11 of 16
Answer Stats
# Country Bordering Countries % Correct
4 France Monaco Andorra Luxembourg Belgium
98%
2 Italy Vatican City San Marino ********** *******
96%
2 Germany Luxembourg Belgium ********** *******
92%
2 Saudi Arabia Qatar Kuwait ********** *******
82%
2 South Africa Eswatini Lesotho ********** *******
82%
2 Democratic Republic of the Congo Rwanda Burundi ********** *******
80%
3 Serbia Kosovo Montenegro Macedonia *******
80%
2 Greece Macedonia Albania ********** *******
76%
3 Albania Kosovo Montenegro Macedonia *******
62%
2 Senegal Gambia Guinea-Bissau ********** *******
62%
2 Tanzania Rwanda Burundi ********** *******
62%
2 Macedonia Kosovo Albania ********** *******
54%
2 Syria Lebanon Israel ********** *******
54%
2 Montenegro Kosovo Albania ********** *******
52%
2 Guatemala El Salvador Belize ********** *******
50%
3 Kosovo Montenegro Macedonia Albania *******
50%
No matching quizzes found
Score Distribution
Percent of People with Each Score
Percentile by Number Answered
Your Score History
You have not taken this quiz